<?xml version="1.0" encoding="UTF-8"?><?xml-stylesheet type="text/xsl" href="static/style.xsl"?><OAI-PMH xmlns="http://www.openarchives.org/OAI/2.0/" xmlns:xsi="http://www.w3.org/2001/XMLSchema-instance" xsi:schemaLocation="http://www.openarchives.org/OAI/2.0/ http://www.openarchives.org/OAI/2.0/OAI-PMH.xsd"><responseDate>2026-04-13T20:50:02Z</responseDate><request verb="GetRecord" identifier="oai:www.recercat.cat:10459.1/62584" metadataPrefix="marc">https://recercat.cat/oai/request</request><GetRecord><record><header><identifier>oai:recercat.cat:10459.1/62584</identifier><datestamp>2024-12-05T21:36:33Z</datestamp><setSpec>com_2072_3622</setSpec><setSpec>col_2072_479130</setSpec></header><metadata><record xmlns="http://www.loc.gov/MARC21/slim" xmlns:dcterms="http://purl.org/dc/terms/" xmlns:xsi="http://www.w3.org/2001/XMLSchema-instance" xmlns:doc="http://www.lyncode.com/xoai" xsi:schemaLocation="http://www.loc.gov/MARC21/slim http://www.loc.gov/standards/marcxml/schema/MARC21slim.xsd">
   <leader>00925njm 22002777a 4500</leader>
   <datafield ind2=" " ind1=" " tag="042">
      <subfield code="a">dc</subfield>
   </datafield>
   <datafield ind2=" " ind1=" " tag="720">
      <subfield code="a">Garreta i Bochaca, Jordi</subfield>
      <subfield code="e">author</subfield>
   </datafield>
   <datafield ind2=" " ind1=" " tag="260">
      <subfield code="c">2018-01-30T16:39:08Z</subfield>
   </datafield>
   <datafield ind2=" " ind1=" " tag="260">
      <subfield code="c">2018-01-30T16:39:08Z</subfield>
   </datafield>
   <datafield ind2=" " ind1=" " tag="260">
      <subfield code="c">2016</subfield>
   </datafield>
   <datafield ind2=" " ind1=" " tag="520">
      <subfield code="a">Las AMPA han ido evolucionando en cuanto a funciones y relevancia de sus actuaciones. Desde unos inicios reivindicativos hasta la actualidad, con un papel más prestador de servicios, se ha ido pasando por diferentes situaciones. Eso sí, su papel en los centros escolares e institutos no es cuestionado, aunque sí delimitado. El texto presenta la evolución de las AMPA y su situación actual a partir de trabajos diversos, punto de partida del análisis de la etnografía realizada en 11 centros educativos (de infantil, primaria y secundaria obligatoria) de Cataluña que ha permitido detectar las principales fortalezas y debilidades de las asociaciones. Entre ellas se puede destacar: el incremento del interés de las familias por implicarse; las mejoras en el modo de hacer llegar la información y de comunicar; los avances en la coordinación entre asociación y equipo directivo…; aunque en todos los casos la situación aún es mejorable.</subfield>
   </datafield>
   <datafield ind1="8" ind2=" " tag="024">
      <subfield code="a">http://hdl.handle.net/10459.1/62584</subfield>
   </datafield>
   <datafield tag="653" ind2=" " ind1=" ">
      <subfield code="a">Participación de las familias</subfield>
   </datafield>
   <datafield tag="653" ind2=" " ind1=" ">
      <subfield code="a">Asociación de madres y padres de alumnos</subfield>
   </datafield>
   <datafield tag="653" ind2=" " ind1=" ">
      <subfield code="a">Fortalezas y debilidades</subfield>
   </datafield>
   <datafield tag="653" ind2=" " ind1=" ">
      <subfield code="a">Family involvement</subfield>
   </datafield>
   <datafield tag="653" ind2=" " ind1=" ">
      <subfield code="a">Association of parents of the students</subfield>
   </datafield>
   <datafield tag="653" ind2=" " ind1=" ">
      <subfield code="a">Strengths and weaknesses</subfield>
   </datafield>
   <datafield ind2="0" ind1="0" tag="245">
      <subfield code="a">Las asociaciones de madres y padres en los centros escolares de Cataluña: puntos fuertes y débiles</subfield>
   </datafield>
   <datafield ind2="0" ind1="0" tag="245">
      <subfield code="a">Strengths and weaknesses: the associations of parents in schools of Catalonia</subfield>
   </datafield>
</record></metadata></record></GetRecord></OAI-PMH>